| 000 | 00712pam a2200193 a 4500 | ||
|---|---|---|---|
| 020 | _a0471873993 : | ||
| 082 | 0 | 0 |
_a624.068 _bAHU _cL-40,P-32 |
| 100 | 1 |
_aAhuja, H. N. _936879 |
|
| 245 | 1 | 0 |
_aProject management : _btechniques in planning and controlling construction projects / _cHira N. Ahuja. |
| 260 |
_aNew York : _bWiley, _cc1984. |
||
| 300 |
_axvii, 470 p. : _bill. ; _c24 cm. |
||
| 500 | _a"A Wiley-Interscience publication." | ||
| 500 | _a"Based on Hira N. Ahuja's earlier Construction performance control by networks"--Jacket. | ||
| 500 | _aIncludes index. | ||
| 526 |
_a0 _b0 _c0 _d624_068000000000000_AHU |
||
| 650 | 0 |
_aConstruction industry _xManagement. _9806 |
|
| 650 | 0 |
_aMCE _9379 |
|
| 942 |
_2ddc _cBK |
||
| 999 |
_c541827 _d541827 |
||